UCSC Library OPAC

ISO - Pascal on the BBC microcomputer and Acorn Electron (Record no. 21809)

MARC details
000 -LEADER
fixed length control field 00492nam a2200193Ia 4500
008 - FIXED-LENGTH DATA ELEMENTS--GENERAL INFORMATION
fixed length control field 240513s9999 xx 000 0 und d
020 ## - INTERNATIONAL STANDARD BOOK NUMBER
International Standard Book Number 0000907876978
041 ## - LANGUAGE CODE
Language code of text/sound track or separate title English
082 ## - DEWEY DECIMAL CLASSIFICATION NUMBER
Classification number 519.68/13
082 ## - DEWEY DECIMAL CLASSIFICATION NUMBER
Cutter number NS
100 ## - MAIN ENTRY--PERSONAL NAME
Personal name COCKERELL, Pete
245 #0 - TITLE STATEMENT
Title ISO - Pascal on the BBC microcomputer and Acorn Electron
260 ## - PUBLICATION, DISTRIBUTION, ETC.
Name of publisher, distributor, etc. Cambridge : Acornsoft
260 ## - PUBLICATION, DISTRIBUTION, ETC.
Date of publication, distribution, etc. 1984
300 ## - PHYSICAL DESCRIPTION
Extent (Pages) 189 p.
650 ## - SUBJECT ADDED ENTRY--TOPICAL TERM
Topical term or geographic name entry element BBC microcomputers : Acorn Electron computers
942 ## - ADDED ENTRY ELEMENTS (KOHA)
Source of classification or shelving scheme Dewey Decimal Classification
942 ## - ADDED ENTRY ELEMENTS (KOHA)
Koha item type Lending Book
945 ## - LOCAL PROCESSING INFORMATION (OCLC)
creator borrowernumber 1
creator name Madushi Gamage
modifier borrowernumber 1
modifier name Madushi Gamage
Holdings
Withdrawn status Lost status Source of classification or shelving scheme Damaged status Not for loan Collection code Home library Current library Shelving location Date acquired Inventory number Total Checkouts Full call number Barcode Date last seen Price effective from Koha item type
Withdrawn   Dewey Decimal Classification     Lending Collection UCSC Library UCSC Library Lending Section 27/06/2024 1056   519.68/13 NS A11056 27/06/2024 27/06/2024 Lending Book
Withdrawn   Dewey Decimal Classification     Lending Collection UCSC Library UCSC Library Lending Section 27/06/2024 1057   519.68/13 NS A110571 27/06/2024 27/06/2024 Lending Book
Withdrawn   Dewey Decimal Classification     Lending Collection UCSC Library UCSC Library Lending Section 27/06/2024 1059   519.68/13 NS A110591 27/06/2024 27/06/2024 Lending Book
Withdrawn   Dewey Decimal Classification     Lending Collection UCSC Library UCSC Library Lending Section 27/06/2024 1060   519.68/13 NS A110601 27/06/2024 27/06/2024 Lending Book
Withdrawn   Dewey Decimal Classification     Lending Collection UCSC Library UCSC Library Lending Section 27/06/2024 1061   519.68/13 NS A110611 27/06/2024 27/06/2024 Lending Book
Withdrawn   Dewey Decimal Classification     Lending Collection UCSC Library UCSC Library Lending Section 27/06/2024 1062   519.68/13 NS A110621 27/06/2024 27/06/2024 Lending Book
Withdrawn   Dewey Decimal Classification     Lending Collection UCSC Library UCSC Library Lending Section 27/06/2024 1063   519.68/13 NS A110631 27/06/2024 27/06/2024 Lending Book
Withdrawn   Dewey Decimal Classification     Lending Collection UCSC Library UCSC Library Lending Section 27/06/2024 1064   519.68/13 NS A110641 27/06/2024 27/06/2024 Lending Book
Withdrawn   Dewey Decimal Classification     Lending Collection UCSC Library UCSC Library Lending Section 27/06/2024 1065   519.68/13 NS A110651 27/06/2024 27/06/2024 Lending Book